Frecuencia de un marcador molecular específico del cultivo (CMS, androesterilidad citoplasmática) en poblaciones naturalizadas de girasol silvestre (Helianthus annuus L.) en Argentina y Australia. /
Guardado en:
| Autor Principal: | |
|---|---|
| Autor Corporativo: | |
| Otros Autores: | |
| Formato: | Libro |
| Idioma: | Spanish |
| Publicado: |
Bahía Blanca,
2018.
|
| Materias: | |
| Etiquetas: |
Agregar Etiqueta
Sin Etiquetas, Sea el primero en etiquetar este registro!
|
| LEADER | 01122nam a22002415a 4500 | ||
|---|---|---|---|
| 001 | EEA.libagro011024 | ||
| 005 | 20181203075748.0 | ||
| 008 | 180829s2018####ag############000#0#spa#d | ||
| 082 | 0 | 4 | |a 633.85 |
| 100 | 1 | |a Márquez Giacomozzi, Camila. | |
| 245 | 1 | 0 | |a Frecuencia de un marcador molecular específico del cultivo (CMS, androesterilidad citoplasmática) en poblaciones naturalizadas de girasol silvestre (Helianthus annuus L.) en Argentina y Australia. / |c Camila Márquez Giacomozzi. |
| 260 | |a Bahía Blanca, |c 2018. | ||
| 300 | |a 30 h. : |b il., fot. col. ; |c 30 cm. | ||
| 500 | |a Trabajo de intensificación (Ingeniero Agrónomo) -- Universidad Nacional del Sur. Departamento de Agronomía, 2018. | ||
| 650 | 7 | |a Helianthus annuus |z Argentina |2 agrovoc | |
| 650 | 7 | |a Helianthus annuus |z Australia |2 agrovoc | |
| 650 | 7 | |a Marcador genético |2 agrovoc | |
| 650 | 7 | |a Biotecnología vegetal |2 agrovoc | |
| 653 | |a Marcadores moleculares | ||
| 653 | |a Girasol | ||
| 700 | 1 | |a Presotto, Alejandro, |e tutor. | |
| 710 | 2 | |a Universidad Nacional del Sur. |b Departamento de Agronomía. | |
| 859 | |a AR-BbBCA |b BIB. AGRONOMIA |h 633.85 |i M357 |p 2018/6946 | ||
